Tukang jahit yang licik = The sly tailor (Record no. 120431)

MARC details
000 -LEADER
fixed length control field 00782nam a2200253 i 4500
001 - CONTROL NUMBER
control field C2-0319617
003 - CONTROL NUMBER IDENTIFIER
control field PPAK
005 - DATE AND TIME OF LATEST TRANSACTION
control field 20180728115308.0
008 - FIXED-LENGTH DATA ELEMENTS--GENERAL INFORMATION
fixed length control field 121107s2012 my a|||| ||||| | zxx d
020 ## - INTERNATIONAL STANDARD BOOK NUMBER
International Standard Book Number 9789670469034
040 ## - CATALOGING SOURCE
Original cataloging agency PPAK
Language of cataloging eng
Transcribing agency PPAK
Description conventions rda
082 04 - DEWEY DECIMAL CLASSIFICATION NUMBER
Classification number 398.2
Edition number 23
090 00 - LOCALLY ASSIGNED LC-TYPE CALL NUMBER (OCLC); LOCAL CALL NUMBER (RLIN)
Classification number (OCLC) (R) ; Classification number, CALL (RLIN) (NR) 398.2
Feature heading TUK
Feature heading K
245 00 - TITLE STATEMENT
Title Tukang jahit yang licik = The sly tailor
264 #1 - PRODUCTION, PUBLICATION, DISTRIBUTION, MANUFACTURE, AND COPYRIGHT NOTICE
Place of production, publication, distribution, manufacture Kuala Lumpur :
Name of producer, publisher, distributor, manufacturer Pictorial Sdn. Bhd. ,
Date of production, publication, distribution, manufacture, or copyright notice 2012
300 ## - PHYSICAL DESCRIPTION
Extent 15 pages :
Other physical details colour illustrations ;
Dimensions 28 cm
336 ## - CONTENT TYPE
Source rdacontent
Content type term text
337 ## - MEDIA TYPE
Source rdamedia
Media type term unmediated
338 ## - CARRIER TYPE
Source rdacarrier
Carrier type term volume
490 1# - SERIES STATEMENT
Series statement Hikayat Masnavi = Tales from Masnavi
650 10 - SUBJECT ADDED ENTRY--TOPICAL TERM
Topical term or geographic name entry element Folk literature, Malay. ; Folk literature, English.
830 #0 - SERIES ADDED ENTRY--UNIFORM TITLE
Uniform title Hikayat Masnavi = Tales from Masnavi
942 ## - ADDED ENTRY ELEMENTS (KOHA)
-- dc
Koha item type Book
Holdings
Withdrawn Not for loan Current library Shelving location Date acquired Total Checkouts Total Renewals Full call number Barcode Date last seen Date last checked out Koha item type
    Perpustakaan Alor Setar Pinjaman Kanak-kanak 07/11/2012 2 1 K 398.2 TUK A01403026 13/05/2020 15/02/2020 Book
    Perpustakaan Alor Setar Pinjaman Kanak-kanak 07/11/2012 2 3 K 398.2 TUK A01403027 17/04/2024 10/03/2024 Book
    Perpustakaan Awam Sungai Petani Pinjaman Kanak-kanak 07/11/2012 2   K 398.2 TUK A01403028 23/02/2026 09/02/2026 Book
    Perpustakaan Baling Pinjaman Kanak-kanak 07/11/2012 6 1 K 398.2 TUK A01403031 27/10/2024 08/10/2024 Book
    Perpustakaan Jitra Pinjaman Kanak-kanak 07/11/2012     K 398.2 TUK A01403029 09/05/2018   Book
    Perpustakaan Kulim Pinjaman Kanak-kanak 07/11/2012 1   K 398.2 TUK A01403030 17/03/2024 24/02/2024 Book
    Perpustakaan Merbok Pinjaman Kanak-kanak 07/11/2012     K 398.2 TUK A01403032 09/05/2018   Book